000 00558nam a2200217Ia 4500
003 OSt
005 20220928135545.0
006 a|||||r|||| 00| 0
007 ta
008 220927b |||||||| |||| 00| 0 eng d
024 _a3077
037 _cTextual
040 _aSDCL
_cSDCL
_beng
041 _2eng
_aeng
082 _aO-,1L72:g, M6
100 _aNewlyn Lucky
_9491469
245 0 _aColeridge, Wordsworth and the language of allusion
260 _c1986
942 _hO-,1L72:g, M6
_cTEXL
_2CC
999 _c806871
_d806871